000
00438nam a22001337a 4500
003
SGT
020
_a
9788179758434
082
_a
891.4309
_b
V20D
100
_a
दीपक. देवेंद्र
245
_a
वह सूरज : मैं सूरजमुखी
260
_b
अनामिका पब्लिशर्स एंड डिस्ट्रीब्यूटर्स
_c
2020
300
_a
191
942
_2
ddc
_c
BK
999
_c
30945
_d
30945